000 00357nam a2200121 i 4500
001 bg
245 0 _aPopioły lotne w betonach :
_bmateriały pokonferencyjne II Międzynarodowej Konferencji nt.wykorzystania odpadów w betonach.
260 _aKatowice,
_c1987.
040 _cBPK
041 _apol
942 _cKS
008 s pl f |000 0 pol
999 _c23893
_d23893
856 _uhttp://koha.tu.koszalin.pl/cgi-bin/koha/opac-detail.pl?biblionumber=23893
_yKatalog online BPK